Advanced engineering mathematics (Record no. 2354)

000 -LEADER
fixed length control field 00457nam a22001937a 4500
001 - CONTROL NUMBER
control field 2354
003 - CONTROL NUMBER IDENTIFIER
control field BD-DhUET
008 - FIXED-LENGTH DATA ELEMENTS--GENERAL INFORMATION
fixed length control field 140922b xxu||||| |||| 00| 0 eng d
020 ## - INTERNATIONAL STANDARD BOOK NUMBER
International Standard Book Number 8121903459
040 ## - CATALOGING SOURCE
Transcribing agency 0
Modifying agency BD-DhUET
082 ## - DEWEY DECIMAL CLASSIFICATION NUMBER
Classification number 510
Item number DAS/2007
100 ## - MAIN ENTRY--PERSONAL NAME
Personal name Dass, H.K.
245 ## - TITLE STATEMENT
Title Advanced engineering mathematics
250 ## - EDITION STATEMENT
Edition statement 17th Rev. ed.
260 ## - PUBLICATION, DISTRIBUTION, ETC. (IMPRINT)
Place of publication, distribution, etc. Ram Nagar
Name of publisher, distributor, etc. S. Chand.
Date of publication, distribution, etc. 2007
300 ## - PHYSICAL DESCRIPTION
Extent xvi,1274p.
650 #0 - SUBJECT ADDED ENTRY--TOPICAL TERM
Topical term or geographic name as entry element Mathematics
942 ## - ADDED ENTRY ELEMENTS (KOHA)
Koha item type General Book
Holdings
Not for loan Koha issues (times borrowed) Piece designation (barcode) Lost status Koha item type Damaged status Koha date last borrowed Koha out on loan Shelving location Koha date last seen Date acquired Price effective from Location (home branch) Sublocation or collection (holding branch) Source of classification or shelving scheme Koha full call number Koha normalized classification for sorting Copy number Withdrawn status
 3103924 General Book 2022-11-23 Circulation section2023-05-062014-09-222014-09-22Central Library, BUETCentral Library, BUET 510/DAS/2007510DAS20071 
 6103925 General Book 2026-01-132026-01-27Circulation section2026-01-132014-09-222014-09-22Central Library, BUETCentral Library, BUET 510/DAS/2007510DAS20072 
 4103927 General Book 2024-12-01 Circulation section2025-02-102014-09-222014-09-22Central Library, BUETCentral Library, BUET 510/DAS/2007510DAS20073 
 3103928 General Book 2023-03-22 Circulation section2023-06-052014-09-222014-09-22Central Library, BUETCentral Library, BUET 510/DAS/2007510DAS20074 
 1103929 General Book 2014-11-12 Circulation section2016-02-242014-09-222014-09-22Central Library, BUETCentral Library, BUET 510/DAS/2007510DAS20075 
 2103931 General Book 2023-01-11 Circulation section2023-02-282014-09-222014-09-22Central Library, BUETCentral Library, BUET 510/DAS/2007510DAS20077 
 2103930 General Book 2022-11-23 Circulation section2023-06-072014-09-222014-09-22Central Library, BUETCentral Library, BUET 510/DAS/2007510DAS20076 
 2103922 General Book 2019-01-20 Circulation section2019-03-312015-01-262015-01-26Central Library, BUETCentral Library, BUET 510/DAS/2007510_000000000000000_DAS_20078 
 2103923 General Book 2025-03-02 Circulation section2025-04-072015-09-012015-09-01Central Library, BUETCentral Library, BUET 510DAS/2007510DAS_2007_0000000000000009 
 11103926 General Book 2024-11-242024-12-08Circulation section2024-11-242007-05-282017-05-29Central Library, BUETCentral Library, BUET 510/DAS/2007510_000000000000000_DAS_200710